| 000 | 00000cam 2200000zi 4500 |
| 001 | 9.957248 |
| 003 | CaOODSP |
| 005 | 20251210105842 |
| 006 | m o d f |
| 007 | cr |n||||||||| |
| 008 | 251110t20252025quc o f000 0 eng d |
| 020 | |a9780660796765 |
| 040 | |aCaOODSP|beng|erda|cCaOODSP |
| 043 | |an-cn--- |
| 086 | 1 |aSE3-114/1-2025E-PDF |
| 245 | 00|aNational electors study for the 45th Canadian federal election : |bmethodology report / |cprepared for Elections Canada. |
| 264 | 1|a[Gatineau, Quebec] : |bElections Canada, |c2025. |
| 264 | 4|c©2025 |
| 300 | |a1 online resource (105 pages) |
| 336 | |atext|btxt|2rdacontent |
| 337 | |acomputer|bc|2rdamedia |
| 338 | |aonline resource|bcr|2rdacarrier |
| 500 | |aIssued also in French under title: Étude nationale auprès des électeurs pour la 45e élection fédérale canadienne : rapport de méthodologie. |
| 500 | |a"Supplier Name: Phoenix SPI / Advanis." |
| 500 | |a"Contract Number: 05005-2023-2467." |
| 500 | |a"Delivery Date: September 2025." |
| 610 | 10|aCanada. |bParliament|xElections, 2025. |
| 650 | 0|aElections|zCanada|xPublic opinion. |
| 650 | 0|aElections|zCanada|vStatistics. |
| 650 | 0|aVoting|zCanada|xPublic opinion. |
| 650 | 0|aVoting|zCanada|vStatistics. |
| 650 | 0|aPublic opinion|zCanada. |
| 710 | 2 |aElections Canada, |eissuing body. |
| 710 | 2 |aPhoenix Strategic Perspectives Inc., |econsultant. |
| 710 | 2 |aAdvanis (Firm), |econsultant. |
| 775 | 08|tÉtude nationale auprès des électeurs pour la 45e élection fédérale canadienne : |w(CaOODSP)9.957250 |
| 856 | 40|qPDF|s1.56 MB|uhttps://publications.gc.ca/collections/collection_2025/elections/SE3-114-1-2025-eng.pdf|z(methodology report) |
| 856 | 4 |qHTML|sN/A|uhttps://epe.bac-lac.gc.ca/100/200/301/pwgsc-tpsgc/por-ef/elections_canada/2025/2025-12-e/index_e.html|z(methodology report) |
| 856 | 4 |qHTML|sN/A|uhttps://epe.bac-lac.gc.ca/100/200/301/pwgsc-tpsgc/por-ef/elections_canada/2025/2025-12-e/index.html|z(complete dataset) |